Limbus Company all IDs - Statistics

General Stats
  • This quiz has been taken 23 times
  • The average score is 74 of 174
Answer Stats
Sinner ID % Correct
Yi Sang 0 LCB sinner Yi Sang
100%
Faust 0 LCB Sinner Faust
89%
Yi Sang 000 Liu Assoc. South Section 3 Yi Sang
89%
Yi Sang 000 The House of Spiders: The Index Nursefather Yi Sang
89%
Yi Sang 000 Blade Lineage Salsu Yi Sang
78%
Don Quixote 000 Cinq Assoc. East Section 3 Don Quixote
78%
Don Quixote 000 Cinq Assoc. South Section 5 Director Don Quixote
78%
Yi Sang 00 Dieci Assoc. South Section 4 Yi Sang
78%
Yi Sang 000 Effloresced E.G.O::Spicebush Yi Sang
78%
Yi Sang 000 Heishou Pack - Wu Branch Adept Yi Sang
78%
Don Quixote 0 LCB Sinner Don Quixote
78%
Yi Sang 00 LCE E.G.O::Lantern Yi Sang
78%
Don Quixote 00 N Corp. Mittelhammer Don Quixote
78%
Faust 000 The House of Spiders: The Ring Apprentice Faust
78%
Don Quixote 000 The Index Proxy - Effloresced E.G.O::Procuration Don Quixote
78%
Yi Sang 00 The Pequod First Mate Yi Sang
78%
Yi Sang 000 W Corp. L3 Cleanup Agent Yi Sang
78%
Don Quixote 00 Blade Lineage Salsu Don Quixote
67%
Don Quixote 000 Heishou Pack - Wei Branch Don Quixote
67%
Gregor 0 LCB Sinner Gregor
67%
Heathcliff 0 LCB Sinner Heathcliff
67%
Gregor 000 LCE E.G.O::AEDD Gregor
67%
Faust 00 Lobotomy Corp. Remnant Faust
67%
Yi Sang 000 Lobotomy E.G.O::Solemn Lament Yi Sang
67%
Yi Sang 00 Molar Office Fixer Yi Sang
67%
Yi Sang 000 N Corp. E.G.O:: Fell Bullet Yi Sang
67%
Yi Sang 00 Seven Assoc. South Section 6 Yi Sang
67%
Don Quixote 000 The Manager of La Manchaland Don Quixote
67%
Faust 000 The One Who Grips Faust
67%
Yi Sang 000 The Ring Pointillist Student Yi Sang
67%
Don Quixote 000 W Corp. L3 Cleanup Agent Don Quixote
67%
Faust 00 Wuthering Heights Butler Faust
67%
Faust 000 Blade Lineage Salsu Faust
56%
Faust 000 LCE E.G.O::Ardor Blossom Star Faust
56%
Ishmael 000 Family Hierarch Candidate Ishmael
56%
Faust 000 Heishou Pack - Mao Branch Adept Faust
56%
Ryōshū 000 Heishou Pack - Mao Branch Ryōshū
56%
Gregor 000 Heishou Pack - Si Branch Gregor
56%
Hong Lu 0 LCB Sinner Hong Lu
56%
Ryōshū 0 LCB Sinner Ryōshū
56%
Ryōshū 00 LCCB Assistant Manager Ryōshū
56%
Don Quixote 000 Lobotomy E.G.O::In the Name of Love and Hate Don Quixote
56%
Gregor 000 Lobotomy E.G.O::Lamp Gregor
56%
Don Quixote 00 Lobotomy E.G.O:: Lantern Don Quixote
56%
Faust 000 Lobotomy E.G.O::Regret Faust
56%
Faust 000 MultiCrack Office Rep Faust
56%
Faust 000 Seven Assoc. South Section 4 Faust
56%
Faust 000 Shi Assoc. East Section 3 Faust
56%
Don Quixote 00 Shi Assoc. South Section 5 Director Don Quixote
56%
Don Quixote 000 T Corp. Class 3 Collection Staff Don Quixote
56%
Sinclair 000 The House of Spiders: The Pinky Apprentice Sinclair
56%
Hong Lu 000 The House of Spiders: The Ring Nursefather Hong Lu
56%
Faust 000 The Index Proselyte:【Paper Slip】Faust
56%
Hong Lu 000 The Lord of Hongyuan Hong Lu
56%
Don Quixote 000 The Middle Little Sister Don Quixote
56%
Sinclair 000 The One Who Shall Grip Sinclair
56%
Ishmael 000 The Pequod Captain Ishmael
56%
Faust 00 W Corp. L2 Cleanup Agent Faust
56%
Meursault 000 Cinq Assoc. West Section 3 Meursault
44%
Meursault 000 Dieci Assoc. South Section 4 Director Meursault
44%
Ryōshū 000 Drifting Blade of Hongyuan Ryōshū
44%
Ryōshū 000 Edgar Family Chief Butler Ryōshū
44%
Gregor 000 Firefist Office Survivor Gregor
44%
Gregor 000 G Corp. Manager Corporal Gregor
44%
Rodion 000 Heishou Pack - Si Branch Rodion
44%
Heathcliff 000 Heishou Pack - You Branch Adept Heathcliff
44%
Sinclair 000 Heishou Pack - You Branch Sinclair
44%
Outis 000 LCA Udjat Vanguard Team 3 Leader Outis
44%
Ishmael 0 LCB Sinner Ishmael
44%
Meursault 0 LCB Sinner Meursault
44%
Outis 0 LCB Sinner Outis
44%
Rodion 0 LCB Sinner Rodion
44%
Ryōshū 00 Liu Assoc. South Section 4 Ryōshū
44%
Gregor 00 Liu Assoc. South Section 6 Gregor
44%
Ryōshū 000 Lobotomy E.G.O::Faint Aroma & Solitude Ryōshū
44%
Ryōshū 000 N Corp. E.G.O::Contempt, Awe Ryōshū
44%
Heathcliff 00 N Corp. Kleinhammer Heathcliff
44%
Gregor 000 Night Awls Capitano Gregor
44%
Ryōshū 000 R.B. Chef de Cuisine Ryōshū
44%
Gregor 00 R.B. Sous-chef Gregor
44%
Gregor 00 Rosespanner Workshop Fixer Gregor
44%
Ishmael 00 Shi Assoc. South Section 5 Ishmael
44%
Ishmael 000 The House of Spiders: The Middle Apprentice Ishmael
44%
Heathcliff 000 The Pequod Harpooneer Heathcliff
44%
Gregor 000 The Priest of La Manchaland Gregor
44%
Meursault 000 The Prince of La Manchaland Meursault
44%
Meursault 000 The Thumb East Capo IIII Meursault
44%
Gregor 000 Twinhook Pirates First Mate Gregor
44%
Heathcliff 000 Wild Hunt Heathcliff
44%
Faust 00 Zwei Assoc. South Section 4 Faust
44%
Meursault 000 Blade Lineage Mentor Meursault
33%
Rodion 000 Devyat' Assoc. North Section 3 Rodion
33%
Sinclair 000 Devyat' Assoc. North Section 3 Sinclair
33%
Rodion 000 Dieci Assoc. South Section 4 Rodion
33%
Ishmael 00 Edgar Family Butler Ishmael
33%
Gregor 000 Edgar Family Heir Gregor
33%
Outis 00 G Corp. Head Manager Outis
33%
Outis 000 Heishou Pack - Mao Branch Outis
33%
Ishmael 000 Jeong's Office Rep Ishmael
33%
Hong Lu 000 K Corp. Class 3 Excision Staff Hong Lu
33%
Ishmael 000 Kurokumo Clan Captain Ishmael
33%
Ryōshū 000 Kurokumo Clan Wakashu Ryōshū
33%
Sinclair 0 LCB Sinner Sinclair
33%
Ishmael 00 LCCB Assistant Manager Ishmael
33%
Rodion 00 LCCB Assistant Manager Rodion
33%
Ishmael 000 Liu Assoc. South Section 4 Ishmael
33%
Hong Lu 00 Liu Assoc. South Section 5 Hong Lu
33%
Meursault 00 Liu Assoc. South Section 6 Meursault
33%
Meursault 000 Lobotomy E.G.O::Hornet【Alteration】Meursault
33%
Sinclair 00 Lobotomy E.G.O::Red Sheet Sinclair
33%
Heathcliff 000 Lobotomy E.G.O::Sunshower Heathcliff
33%
Rodion 000 Lobotomy E.G.O::The Sword Sharpened with Tears Rodion
33%
Ishmael 000 Molar Boatworks Fixer Ishmael
33%
Meursault 000 N Corp. Großhammer Meursault
33%
Rodion 00 N Corp. Mittelhammer Rodion
33%
Heathcliff 000 Öufi Assoc. South Section 3 Heathcliff
33%
Heathcliff 000 R Corp. 4th Pack Rabbit Heathcliff
33%
Ishmael 000 R Corp. 4th Pack Reindeer Ishmael
33%
Meursault 000 R Corp. 4th Pack Rhino Meursault
33%
Meursault 00 Rosespanner Workshop Fixer Meursault
33%
Heathcliff 00 Seven Assoc. South Section 4 Heathcliff
33%
Outis 000 Seven Assoc. South Section 6 Director Outis
33%
Ryōshū 00 Seven Assoc. South Section 6 Ryōshū
33%
Heathcliff 00 Shi Assoc. South Section 5 Heathcliff
33%
Outis 000 T Corp. Class 3 VDCU Staff Outis
33%
Meursault 00 The Middle Little Brother Meursault
33%
Sinclair 000 The Middle Little Brother Sinclair
33%
Rodion 000 The Princess of La Manchaland Rodion
33%
Rodion 000 The Ring Fauvist Docent Rodion
33%
Meursault 000 The Ring Fauvist Student Meursault
33%
Ryōshū 000 W Corp. L3 Cleanup Agent Ryōshū
33%
Outis 000 W Corp. L3 Cleanup Captain Outis
33%
Heathcliff 000 W Corp. L4 Cleanup Agent - CCA Heathcliff
33%
Gregor 000 Zwei Assoc. South Section 4 Gregor
33%
Ishmael 000 Zwei Assoc. West Section 3 Ishmael
33%
Sinclair 000 Cinq Assoc. South Section 4 Director Sinclair
22%
Outis 00 Cinq Assoc. South Section 4 Outis
22%
Sinclair 000 Dawn Office Fixer Sinclair
22%
Hong Lu 000 Dieci Assoc. South Section 4 Hong Lu
22%
Ryōshū 00 District 20 Yurodivy Ryōshū
22%
Hong Lu 00 Fanghunt Office Fixer Hong Lu
22%
Heathcliff 000 Full-Stop Office Fixer Heathcliff
22%
Hong Lu 000 Full-Stop Office Rep Hong Lu
22%
Hong Lu 00 Hook Office Fixer Hong Lu
22%
Gregor 00 Kurokumo Clan Captain Gregor
22%
Heathcliff 000 Kurokumo Clan Wakashu Heathcliff
22%
Rodion 000 Liu Assoc. South Section 4 Director Rodion
22%
Ryōshū 000 Lobotomy E.G.O::Red Eyes & Penitence Ryōshū
22%
Ishmael 00 Lobotomy E.G.O::Sloshing Ishmael
22%
Heathcliff 00 MultiCrack Office Fixer Heathcliff
22%
Rodion 00 T Corp. Class 2 Collection Staff Rodion
22%
Outis 000 The Barber of La Manchaland Outis
22%
Outis 00 The Ring Pointillist Student Outis
22%
Sinclair 000 The Thumb East Soldato II Sinclair
22%
Hong Lu 000 Tingtang Gang Gangleader Hong Lu
22%
Hong Lu 00 W Corp. L2 Cleanup Agent Hong Lu
22%
Meursault 000 W Corp. L2 Cleanup Agent Meursault
22%
Sinclair 00 Zwei Assoc. South Section 6 Sinclair
22%
Sinclair 00 Zwei Assoc. West Section 3 Sinclair
22%
Outis 00 Blade Lineage Salsu Outis
11%
Sinclair 000 Blade Lineage Salsu Sinclair
11%
Meursault 00 Dead Rabbits Boss Meursault
11%
Hong Lu 000 District 20 Yurodivy Hong Lu
11%
Hong Lu 00 Kurokumo Clan Wakashu Hong Lu
11%
Rodion 000 Kurokumo Clan Wakashu Rodion
11%
Outis 000 Lobotomy E.G.O::Magic Bullet Outis
11%
Sinclair 00 Los Mariachis Jefe Sinclair
11%
Sinclair 00 Molar Boatworks Fixer Sinclair
11%
Outis 000 Molar Office Fixer Outis
11%
Hong Lu 000 R Corp. 4th Pack Reindeer Hong Lu
11%
Rodion 000 R Corp. 4th Pack Reindeer Rodion
11%
Rodion 000 Rosespanner Workshop Rep Rodion
11%
Outis 000 Wuthering Heights Chief Butler Outis
11%
Rodion 00 Zwei Assoc. South Section 5 Rodion
11%
No matching quizzes found
Score Distribution
Percent of People with Each Score
Percentile by Number Answered
Your Score History
You have not taken this quiz